Information flow among engineers in a design company /

Bibliographic Details
Main Author: Kremer, Jeannette Marguerite
Format: Thesis Microform Book
Language:English
Published: [Place of publication not identified] : [publisher not identified] ; 1980.
Subjects:

MARC

Tag First Indicator Second Indicator Subfields
LEADER 00000cam a2200000 a 4500
001 in00000727421
005 20151016075929.0
007 he amb|||||||
008 811104r19801980miua bb 00010 eng d
035 |a (OCoLC)07904976 
035 |9 ADG2330AM 
040 |a IUL  |c IUL  |d m/c  |d TXA  |d UtOrBLW 
049 |a TXAI 
099 |a fiche  |a C  |a 6632 
100 1 |a Kremer, Jeannette Marguerite. 
245 1 0 |a Information flow among engineers in a design company /  |c by Jeannette Marguerite Kremer. 
264 1 |a [Place of publication not identified] :  |b [publisher not identified] ;  |c 1980. 
300 |a x, 158 leaves :  |b illustrations 
336 |a text  |b txt  |2 rdacontent 
337 |a microform  |b h  |2 rdamedia 
338 |a microfiche  |b he  |2 rdacarrier 
502 |b Ph. D.  |c Champaign  |d 1980. 
500 |a Vita. 
504 |a Bibliography: leaves 134-139. 
533 |a Microfiche.  |b Ann Arbor, Mich. :  |c University Microfilms International,  |d 1980.  |e 2 microfiches ; 10 x 15 cm. 
500 |a Microform. 
650 0 |a Communication of technical information. 
650 0 |a Communication  |x Methodology. 
650 0 |a Industrial engineers. 
999 |a MARS 
999 f f |s 365124c4-bff2-361e-9cb8-15cc65d1ab1d  |i 1b4efad4-b5fb-337d-864b-6b14f5f199b0  |t 0 
952 f f |p normal  |a Texas A&M University  |b College Station  |c Sterling C. Evans Library  |d Evans: Microforms (3rd floor)  |t 0  |e fiche C 6632  |h Other scheme  |i microform -- microfiche  |m A14822998666 
998 f f |a fiche C 6632  |t 0  |l Evans: Microforms (3rd floor)